000 00560nam a2200145Ia 4500
008 231129s1998||||xx |||||||||||||| ||spa||
020 _a958-20-0450-9
040 _bspa
082 _a370.78 I62
100 _aSeminario sobre Investigación Educativa e Innovación (1998 : Bogotá)
245 0 _aInvestigación educativa e innovación: un aporte a la transformación escolar/ Memorias del Seminario ; Jean Claude Combessie ... /et al.
260 _c1998
264 _aCooperativa Editorial Magisterio
942 _2ddc
_cBKS
999 _c15998
_d15998